| 000 | 00706cam a22001937a 4500 | ||
|---|---|---|---|
| 008 | 180718b1999 xxu||||| |||| 00| 0 eng d | ||
| 020 | _a9051994516 | ||
| 082 | _aT19 P999 | ||
| 245 |
_aIdentifying the poor: papers on measuring poverty to celebrate the bicentenary of the publication in 1797 of "the state of the poor" by Sir Frederick Morton Eden _cedited by F.G. Pyatt, and M. Ward;technically edited by D. Berze and M. Vanden Broecke |
||
| 260 |
_aAmsterdam _bIOS Press _c1999 |
||
| 300 | _a233p. | ||
| 650 | _aThe State of the Poor | ||
| 650 | _aEden, Frederick Morton | ||
| 650 | _aPoverty | ||
| 700 | _aBroecke, M. Vanden | ||
| 700 | _aBerze,D. | ||
| 700 | _aWard, M. | ||
| 700 | _aPyatt, F.G. | ||
| 999 |
_c396311 _d396311 |
||